Historia y Romancero del Cid : (Record no. 80174)

MARC details
000 -LEADER
campo de control de longitud fija 01105nam a2200301 i 4500
001 - NÚMERO DE CONTROL
campo de control 80174
003 - IDENTIFICADOR DE NÚMERO DE CONTROL
campo de control ES-MaACL
005 - FECHA Y HORA DE LA ÚLTIMA TRANSACCIÓN
campo de control 20230906174143.0
007 - CAMPO FIJO DE DESCRIPCIÓN FÍSICA--INFORMACIÓN GENERAL
campo de control de longitud fija t|
008 - DATOS DE LONGITUD FIJA--INFORMACIÓN GENERAL
campo de control de longitud fija 041026s1973 sp ||||1| spa d
020 ## - NÚMERO INTERNACIONAL ESTÁNDAR DEL LIBRO
Número Internacional Estándar del Libro 84-7039-146-1
080 ## - NÚMERO DE LA CLASIFICACIÓN DECIMAL UNIVERSAL
Número de la Clasificación Decimal Universal 929 El Cid (0:82)
080 ## - NÚMERO DE LA CLASIFICACIÓN DECIMAL UNIVERSAL
Número de la Clasificación Decimal Universal 821.134.2-14(082.2)
245 00 - MENCIÓN DEL TÍTULO
Título Historia y Romancero del Cid :
Resto del título (Lisboa, 1605) /
Mención de responsabilidad, etc. Juan de Escobar ; edición, estudio bibliográfico e índices por Antonio Rodríguez-Moñino ; introducción por Arthur Lee-Francis Askins.
260 ## - PUBLICACIÓN, DISTRIBUCIÓN, ETC.
Lugar de publicación, distribución, etc. Madrid :
Nombre del editor, distribuidor, etc. Castalia,
Fecha de publicación, distribución, etc. 1973.
300 ## - DESCRIPCIÓN FÍSICA
Extensión 239 p. ;
Dimensiones 24 cm.
490 1# - MENCIÓN DE SERIE
Mención de serie Colección de romanceros de los siglos de oro ;
Designación de volumen o secuencia 4
600 04 - PUNTO DE ACCESO ADICIONAL DE MATERIA--NOMBRE DE PERSONA
Nombre de persona El Cid-
Subdivisión de forma Poesías.
9 (RLIN) 169962
650 #4 - PUNTO DE ACCESO ADICIONAL DE MATERIA--TÉRMINO DE MATERIA
Término de materia o nombre geográfico como elemento de entrada Romances-
Subdivisión geográfica España.
9 (RLIN) 16935
700 1# - ENTRADA AGREGADA--NOMBRE PERSONAL
Nombre de persona Escobar, Juan de.
9 (RLIN) 47553
700 1# - ENTRADA AGREGADA--NOMBRE PERSONAL
Nombre de persona Rodríguez-Mohino, Antonio.
9 (RLIN) 98667
700 1# - ENTRADA AGREGADA--NOMBRE PERSONAL
Nombre de persona Askins, Arthur Lee-Francis.
9 (RLIN) 23626
740 02 - ENTRADA AGREGADA--TÍTULO RELACIONADO/ANALÍTICO NO CONTROLADO
Título relacionado o analítico no controlado Romancero del Cid.
830 1# - PUNTO DE ACCESO ADICIONAL DE SERIE-TÍTULO UNIFORME
Título uniforme Colección de romanceros de los siglos de oro ;
Designación de volumen o secuencia 4
9 (RLIN) 181806
852 4# - LOCALIZACIÓN
Ubicación ES-MaACL
Número de control de estantería C-55078
852 4# - LOCALIZACIÓN
Ubicación ES-MaACL
Número de control de estantería P-1417-4
Nota libre - Enc. tela verde
Holdings
Estatus retirado Estado de pérdida Estado de daño No para préstamo Biblioteca de origen Biblioteca actual Ubicación en estantería Fecha de adquisición Fuente de adquisición Total de préstamos Signatura topográfica completa Código de barras Visto por última vez Precio de reemplazo Tipo de ítem Koha
        Biblioteca del Ateneo de Madrid Biblioteca del Ateneo de Madrid Depósito 2 26/05/2022     P-1417-4 1203000 23/02/2023 23/02/2023 Libro impreso
        Biblioteca del Ateneo de Madrid Biblioteca del Ateneo de Madrid Depósito 2 17/01/2008     C-55078 1083826 23/02/2023 23/02/2023 Libro impreso